| 000 | 01009nam a2200289 i 4500 | ||
|---|---|---|---|
| 001 | 000016016 | ||
| 003 | DO-SdBNP | ||
| 005 | 20250411115946.0 | ||
| 007 | ta | ||
| 008 | 100223s1995 dr r 001 0 spa d | ||
| 040 |
_aDO-SdBNP _bspa _cBNPHU _erda |
||
| 082 | 4 |
_a972.9303 _bJ95p _222 |
|
| 245 | 0 | 0 |
_aJunta de procuradores, 1518-1545 / _ccoordinación general, José Chez Checo ; presentación, Nicolás de Jesús López Rodríguez. |
| 264 |
_aDsnto Domingo : _bPatronato de la Ciudad Colonial _c1995. |
||
| 300 |
_avolumen ; _c23 cm. |
||
| 336 |
_2rdacontent _atexto _btxt |
||
| 337 |
_2rdamedia _asin mediación _bn |
||
| 338 |
_2rdacarrier _avolumen _bnc |
||
| 490 |
_aCésar Herrera ; _v1 ; |
||
| 490 |
_aQuinto Centenario _aDocumentos _v4 |
||
| 500 | _aIncluye índice onomástico | ||
| 590 | _aInventariado, 2020/YL | ||
| 700 | 1 |
_a López Rodríguez, Nicolás de Jesús, _d1936- _epresentación _9670 |
|
| 700 | 1 |
_aChez Checo, José, _d1949- _ecoor. _910145 |
|
| 910 | _aBtavárez | ||
| 942 |
_2ddc _cLBS1 |
||
| 999 |
_c15558 _d15558 |
||